Districts of Ankara - Statistics

General Stats
  • This quiz has been taken 989 times
  • The average score is 16 of 25
Answer Stats
Population Answer % Correct
925.828 Cankaya
94%
938.568 Keçiören
86%
669.465 mamak
83%
595.305 Etimesgut
82%
126.623 Polatlı
81%
549.108 Sincan
80%
695.395 Yenimahalle
78%
396.165 Altındağ
70%
48.732 Beypazarı
69%
140.649 Gölbaşı
69%
27.507 Kızılcahamam
66%
28.922 Haymana
65%
33.310 Sereflikoçhisar
64%
91.142 Cubuk
62%
25.780 Bala
59%
157.082 Pursaklar
59%
45.122 Elmadağ
57%
3.045 Evren
57%
27.434 nallıhan
56%
13.686 Ayaş
55%
56.736 Kahramankazan
55%
8.438 Güdül
48%
12.941 Kalecik
47%
8.883 Camlıdere
44%
37.456 Akyurt
44%
No matching quizzes found
Score Distribution
Percent of People with Each Score
Percentile by Number Answered
Your Score History
You have not taken this quiz